Stonehenge (Record no. 291265)

MARC details
000 -LEADER
fixed length control field 00515nam a2200205Ia 4500
008 - FIXED-LENGTH DATA ELEMENTS--GENERAL INFORMATION
fixed length control field 191130s2009##################000#0#eng##
020 ## - INTERNATIONAL STANDARD BOOK NUMBER
ISBN 9781861978806
082 ## - DEWEY DECIMAL CLASSIFICATION NUMBER
Classification number 936.2319 HIL
100 ## - MAIN ENTRY--AUTHOR NAME
Personal name Hill, Rosemary
245 ## - TITLE STATEMENT
Title Stonehenge
Statement of responsibility, etc Rosemary Hill
260 ## - PUBLICATION, DISTRIBUTION, ETC. (IMPRINT)
Place of publication London
Name of publisher Profile
Year of publication 2009
300 ## - PHYSICAL DESCRIPTION
Number of Pages 242
650 ## - SUBJECT ADDED ENTRY--TOPICAL TERM
Topical Term Antiquities
Topical Term England--Wiltshire
Topical Term Historiography
991 ## -
-- 139046
Holdings
Withdrawn status Lost status Damaged status Not for loan Home library Current library Shelving location Date acquired Full call number Accession Number Price effective from Koha item type
        Anna Centenary Library Anna Centenary Library 7TH FLOOR, B WING 15.10.2020 936.2319 HIL 214856 15.10.2020 English Books

Find us on the map